000 00383nam a22001697a 4500
999 _c10955
_d10955
003 OSt
008 210814b ||||| |||| 00| 0 eng d
020 _a9788183858793
082 _a294.52213
_bTUS
100 G _aRAM, Tulsi
245 _aSama Veda
250 _aEd
260 _aDelhi
_bArsh Sahitya Prachar Trust
_c2013
300 _a867
650 _aReligious
942 _2ddc
_cBK